| 000 | 00414nam a22001697a 4500 | ||
|---|---|---|---|
| 003 | MPLRDC | ||
| 005 | 20220104153736.0 | ||
| 008 | 210129b ||||| |||| 00| 0 eng d | ||
| 082 | _a947.47 TZBEX-8 v.1 | ||
| 100 | _a藤子不二雄原著 | ||
| 245 |
_a小叮当机器猫. 一 _c |
||
| 260 |
_a _b吗哪书局 _c |
||
| 300 | _b平 | ||
| 490 | _a新编机器猫;1 | ||
| 650 | _a | ||
| 942 |
_cBK _o947.47 TZBEX-8 v.1 |
||
| 999 |
_c53594 _d53584 |
||